000 00426nam a2200181Ia 4500
008 210210b2007 xxu||||| |||| 00| 0 eng d
020 _a9788189239398
041 _aeng
082 _a070.19 WADE
100 _aWADHWA (Priyanka)
245 _aElectronic media
260 _aNew Delhi
_bMurari Lal and Sons
_c2007
300 _a248
650 _amedia
650 _aElectronic
690 _aJournalism
906 _a062281
999 _c117149
_d117149